Chimiak, Łukasz, 1969-. Gubernatorzy rosyjscy w królestwie polskim. - Wrocław : Fundacja na Rzecz Nauki Polskiej. - 1999 [Rezension]

Titel: Chimiak, Łukasz, 1969-. Gubernatorzy rosyjscy w królestwie polskim. - Wrocław : Fundacja na Rzecz Nauki Polskiej. - 1999 [Rezension]
Verfasser:
In: Studia z dziejów Rosji i Europy Środkowo-Wschodniej, Band 38 (2003), Seite 319-323
alle Artikel anzeigen
Veröffentlicht: 2003
Format: Aufsatz
Sprache: Polnisch
Kein Bild verfügbar
X
alg: 39486306
001A    $01999:12-11-16 
001B    $01999:03-08-21 $t21:04:47.000 
001D    $01999:12-11-16 
001U    $0utf8 
001X    $00 
002@    $0Aox 
003@    $0394863062 
007A    $0394863062 $aHEB 
007T    $0Herd73903 
010@    $apol 
011@    $a2003 
021A    $aChimiak, Łukasz, 1969-. Gubernatorzy rosyjscy w królestwie polskim. - Wrocław : Fundacja na Rzecz Nauki Polskiej. -  1999 [Rezension] 
028A    $aKorzeniowski $dMariusz 
031A    $d38 $h319-323 $j2003 
039B    $aIn $8--Abvc--. Studia z dziejów Rosji i Europy Środkowo-Wschodniej. - Warszawa : Wydawn. Naukowe Semper, 1992-. - ISSN 1230-5057 $x200300000380000681 $9048641332 
039T    $8--Aau--Chimiak, Łukasz$Z1969- [Tp3]. Gubernatorzy rosyjscy w królestwie polskim. - Wrocław : Fundacja na Rzecz Nauki Polskiej, 1999. - 355 S.. - Ill. - ISBN 83-90894-63-7 $9182428869 
045F    $a900.9438 $eDDC23BSB 
045F/01 $a900 
045F/03 $g438 
045T    $a7,41 

lok: 39486306 78

exp: 39486306 78 1 #EPN
201B/01 $018-11-16 $t12:58:31.000 
201U/01 $0utf8 
203@/01 $079116165X 
208@/01 $a12-11-16 $be 
209A/01 $a/ $f000 $x00 
220C/01 $aTitelaufnehmer: cs 
244Z/01 $2Trx $#Poola $#Lenkija $#Polija $#Polen Land $#Poland $#Lengyelország $#Poľsko $#Polsko $8--Trx--Polska$gkraj $x01 $9391345966 
244Z/01 $2Trx $#arvustused $#recenzijos $#Reviews $#recenziók $#recenzje $#recenzie $#recenze $8--Trx--Rezensionen $x02 $9391357441 
247C/01 $82080>Marburg/Lahn, Herder-Institut, Forschungsbibliothek, Bibliographieportal $9336309341
LEADER 00000caa a22000002c 4500
001 394863062
003 DE-603
005 20210803210447.0
007 tu
008 161112s2003 xx |||| | u00||u|pol c
035 |a (DE-599)HEB394863062 
040 |a DE-603  |b ger  |c DE-603  |d DE-603 
041 |a pol 
082 0 4 |8 1\u  |a 900.9438  |q DE-101  |2 23/BSB 
084 |a 7,41  |2 ssgn 
085 |8 1\u  |b 900 
085 |8 1\u  |z 2  |s 438 
100 1 |a Korzeniowski, Mariusz 
245 0 0 |a Chimiak, Łukasz, 1969-. Gubernatorzy rosyjscy w królestwie polskim. - Wrocław : Fundacja na Rzecz Nauki Polskiej. - 1999 [Rezension] 
264 0 |c 2003 
773 0 8 |i In  |t Studia z dziejów Rosji i Europy Środkowo-Wschodniej  |d Warszawa : Wydawn. Naukowe Semper, 1992-  |x 1230-5057  |g Band 38 (2003), Seite 319-323  |w (DE-603)048641332  |w (DE-600)1176803-4 
787 0 8 |i Rezension von  |a Chimiak, Łukasz, 1969-  |t Gubernatorzy rosyjscy w królestwie polskim  |d Wrocław : Fundacja na Rzecz Nauki Polskiej, 1999  |h 355 S., Ill  |z 8390894637  |w (DE-603)182428869 
924 0 |9 2080  |a (DE-603)79116165X  |b DE-2080  |c HES  |d d  |g /